00393nam a2200133Ia 4500100002500000942000700025654002300032245003600055260003200091300000900123546001200132999001700144952009800161 aDavis/Coulin Victor  cRB aApplied Hydraulics aHand Book Of Applied Hydraulics bMcGraw HillaNew Yorkc1942 a1084 aENGLISH c21937d21937 001040708AFTaCRCEbCRCEc1532 | 16d2023-03-17l0o pAFT6061r2023-03-17w2023-03-17yRB